000 00948nam a22003017a 4500
001 BR7901157
003 BR-BrBNA
005 20230928085939.0
007 ta
008 230509b bl.||||| |||| 00| 0 por d
040 _aBR-BrBNA
_bpor
_cBiblioteca Nacional de Agricultura
041 _a(Por)
072 _aH20
_b1540
090 _ 1540 BR7901157
100 1 _aSouza, P.E.
110 1 _aUniversidade Federal de Vicosa, MG (Brasil)
_0Tese (Magister Scientiae)
245 1 _aSensibilidade de xanthomonas manihotis a antibioticos e avaliacao de resistencia de cultivares de mandioca (Manihot esculenta Grantz)a bacteriose [Bacteria]
260 3 _aVicosa, MG (Brasil):
_c1979.
300 _a58 p.
500 _a14 tables; 41 ref.; Summary (Por)
650 _aMandioca
650 _aBacteriose
650 _aVariedade resistente
650 _aBacteria
650 _aAntibiotico
909 _a202309
_bLucia
_c55
_dLucia Elande
942 _cBK
999 _c27128
_d27128